Detecting powder mixture inhomogenity for measurment errors

Podrobná bibliografia
Hlavní autori: Walker, J.J (Author), Rollins, D.K (Author)
Médium: Článok
Jazyk:English
Témy:
Zdroj: 1. Metal powder report 1. Roč. 53, č. 3 (1998), s. 34
LEADER 00877nab#a2200325#ar4500
001 000093113
003 SVKKK
005 20081210155325.0
008 081204c1998 xo |||||||||||||||b|eng
FMT
015 |a SNBRB2008/12 
038 |a SVKKK 
040 |a SVKKK  |b slo  |e AACR2 
041 0 |a eng 
080 |a 621.762.2  |2 1997 
100 1 |a Walker, J.J.  |4 aut 
242 1 0 |a Stanovenie nehomogenity práškovej zmesi pre chyby meraní 
245 1 0 |a Detecting powder mixture inhomogenity for measurment errors  |c J.J. Walker, D.K. Rollins 
650 0 4 |a nehomogenita práškových zmesí  |x technika rozptylu 
650 0 4 |a prášková metalurgia 
700 1 |a Rollins, D.K.  |4 aut 
773 0 |t Metal powder report  |g Roč. 53, č. 3 (1998), s. 34 
958 |a RK 
958 |a NB 
974 |a Ni 
992 |a RBX 
BAS
852 |a SVKKK  |b BIB 
EXP
998 |a HUT